00796nam a2200229 a 450000100100000000500170001000800410002704000250006808200150009310000340010824500990014226000350024130000210027649000230029749000180032070000330033883000270037183000290039804900090042795201130043699900170054900002513620200930023600.0110208s1968 ve r 000 | spa d aDO-SdBNPbspacBNPHU axxxbC617P1 aPicón Salas, Mariano92792310aPedro Claver, el santo de los esclavos /cMariano Picón Salas; ilustración Mariano Díaz. aCaracas :bMonte Avila,c1968. a204 p. ;c22 cm.1 aBiblioteca Popular aEl Doradov251 aDíaz, Mariano,eil.919298 3aEl Dorado ,v25929127 0aBiblioteca Popular95517 aBNGR 001050718MOaGRbGRcCTd2011-02-10iLF1l0oxxx C617Pp25136-10r2020-06-25w2020-06-25y1ZNo se presta c24629d24629